000 00355nam a22001697a 4500
003 UA-OsUOA
001 1000
007 ta
008 20050721b un ||||| |||| 00| 0 ukr d
100 _aCommager
700 _aH. S.
942 _cBK
040 _aUA-OsUOA
_cUA-OsUOA
_dUA-OsUOA
245 _aThe American Mind.
_bEducation
955 _a2
650 7 _2UDC
999 _c287162
_d287162